000 00404nam a2200145Ia 4500
005 20250429115210.0
008 231217s9999 xx 000 0 und d
020 _a9780155021068
100 _aGagne, Robert M. Medsker, Karen L.
245 4 _aThe conditions of learning training applications
260 _c1996
_bHarcourt
_aNew York
300 _axv+240
650 _aconditions,training
942 _cAA
999 _c182636
_d182636